[Event "Serpiano op"]
[Site "Serpiano"]
[Date "2024.04.06"]
[Round "3"]
[White "Camagna, Alessandro"]
[Black "Qendro, Llambi"]
[Result "0-1"]
[WhiteElo "1859"]
[BlackElo "2282"]
[PlyCount "58"]
[EventDate "2024.04.05"]
[EventType "swiss"]
[EventRounds "5"]
[EventCountry "SUI"]
[SourceTitle "CB16_2024"]
[SourceDate "2024.04.17"]
[SourceVersion "1"]
[SourceVersionDate "2024.04.17"]
[SourceQuality "1"]

1. e4 g6 2. d4 Bg7 3. Nf3 d6 4. Bc4 Nf6 5. Nbd2 0-0 6. 0-0 Bg4 7. Re1 Nc6 8. c3 e5 9. h3 Bxf3 10. Nxf3 exd4 11. cxd4 d5 12. exd5 Nxd5 13. Bg5 Qd6 14. Qb3 Na5 15. Qb5 Nxc4 16. Qxc4 c6 17. Re2 Rfe8 18. Rae1 Rxe2 19. Rxe2 Qd7 20. Ne5 Bxe5 21. dxe5 Re8 22. f4 Qf5 23. Qe4 f6 24. Qxf5 gxf5 25. Bh6 Kf7 26. g4 Kg6 27. gxf5+ Kxh6 28. e6 Nxf4 29. Re4 Kg5 0-1

[Event "Serpiano op"]
[Site "Serpiano"]
[Date "2024.04.05"]
[Round "1"]
[White "Gardi, Giuseppe"]
[Black "Qendro, Llambi"]
[Result "1/2-1/2"]
[WhiteElo "1881"]
[BlackElo "2282"]
[PlyCount "31"]
[EventDate "2024.04.05"]
[EventType "swiss"]
[EventRounds "5"]
[EventCountry "SUI"]
[SourceTitle "CB16_2024"]
[SourceDate "2024.04.17"]
[SourceVersion "1"]
[SourceVersionDate "2024.04.17"]
[SourceQuality "1"]

1. e4 c6 2. d4 d5 3. exd5 cxd5 4. Nc3 Nf6 5. Bd3 Nc6 6. Nge2 Bg4 7. h3 Bh5 8. g4 Bg6 9. Bf4 a6 10. Qd2 e6 11. a3 Bd6 12. Bxg6 hxg6 13. 0-0-0 Qc7 14. Bxd6 Qxd6 15. Qf4 Qxf4+ 16. Nxf4 1/2-1/2

[Event "Lugano op"]
[Site "Lugano"]
[Date "2023.12.10"]
[Round "4"]
[White "Qendro, Llambi"]
[Black "Cocconcelli, Lorenzo"]
[Result "1/2-1/2"]
[WhiteElo "2284"]
[BlackElo "2142"]
[PlyCount "34"]
[EventDate "2023.12.09"]
[EventType "swiss"]
[EventRounds "5"]
[EventCountry "SUI"]
[SourceTitle "CB51_2023"]
[SourceDate "2023.12.20"]
[SourceVersion "1"]
[SourceVersionDate "2023.12.20"]
[SourceQuality "1"]

1. d4 Nf6 2. c4 g6 3. Nc3 d5 4. Nf3 Bg7 5. Bg5 Ne4 6. Bf4 Nxc3 7. bxc3 dxc4 8. e3 0-0 9. Bxc4 c5 10. 0-0 Nc6 11. Qe2 Bg4 12. Rfd1 Qa5 13. Rab1 b6 14. Bb5 Rac8 15. Ba6 Rcd8 16. Bb7 Qa4 17. Ba6 Qa5 1/2-1/2

[Event "Lugano op"]
[Site "Lugano"]
[Date "2023.12.09"]
[Round "3"]
[White "Pellegrini, Noah"]
[Black "Qendro, Llambi"]
[Result "0-1"]
[WhiteElo "1705"]
[BlackElo "2284"]
[PlyCount "132"]
[EventDate "2023.12.09"]
[EventType "swiss"]
[EventRounds "5"]
[EventCountry "SUI"]
[SourceTitle "CB51_2023"]
[SourceDate "2023.12.20"]
[SourceVersion "1"]
[SourceVersionDate "2023.12.20"]
[SourceQuality "1"]

1. e4 g6 2. d4 Bg7 3. Nf3 d6 4. Nc3 c6 5. Be3 Qb6 6. Rb1 Nf6 7. h3 0-0 8. Qd2 Nbd7 9. Bc4 Qc7 10. Bh6 b5 11. Bxg7 Kxg7 12. Bd3 e5 13. dxe5 Nxe5 14. Nxe5 dxe5 15. 0-0 Nh5 16. Ne2 Be6 17. b3 a6 18. f4 exf4 19. Nxf4 Nxf4 20. Qxf4 Qxf4 21. Rxf4 Rad8 22. Rff1 Rd4 23. Rbd1 Rfd8 24. Be2 Rxd1 25. Rxd1 Rxd1+ 26. Bxd1 Kf6 27. Kf2 Ke5 28. Ke3 b4 29. h4 h6 30. h5 a5 31. Be2 c5 32. g3 gxh5 33. Bxh5 f5 34. Bf3 Bc8 35. exf5 Bxf5 36. Kd2 Kd4 37. Bg2 c4 38. bxc4 Kxc4 39. Bc6 Kd4 40. Ba4 Be6 41. Bb3 Bd7 42. Bf7 Ke4 43. Ke2 Bb5+ 44. Kd2 Kf3 45. c4 bxc3+ 46. Kxc3 Kxg3 47. Bh5 Kh4 48. Bf3 Bd7 49. Kd4 Bg4 50. Be4 Kg5 51. Ke3 h5 52. Bg2 h4 53. a3 Bd7 54. Bf1 Kg4 55. Kf2 Kf4 56. Be2 Be6 57. Bf1 Ke4 58. Bg2+ Kd4 59. Ke2 Kc3 60. Kd1 Bg4+ 61. Kc1 Kd3 62. Kb2 Ke3 63. Kc3 Kf2 64. Bd5 h3 65. Kd4 Bf3 66. Be6 h2 0-1

[Event "Lugano Paradiso op 2nd"]
[Site "Lugano"]
[Date "2023.10.27"]
[Round "1"]
[White "Qendro, Llambi"]
[Black "Deruda, Leonardo"]
[Result "1-0"]
[WhiteElo "2293"]
[BlackElo "1705"]
[PlyCount "51"]
[EventDate "2023.10.27"]
[EventType "swiss"]
[EventRounds "5"]
[EventCountry "SUI"]
[SourceTitle "Mega2024 Update 01"]
[Source "Chessbase"]
[SourceDate "2023.11.12"]
[SourceVersion "1"]
[SourceVersionDate "2023.11.12"]
[SourceQuality "1"]

1. d4 Nf6 2. c4 c5 3. d5 b5 4. Qc2 b4 5. e4 d6 6. f4 e6 7. Nf3 exd5 8. cxd5 Bg4 9. Bb5+ Nbd7 10. 0-0 Be7 11. Bc6 Rb8 12. e5 Nh5 13. exd6 Bxd6 14. Re1+ Kf8 15. Ne5 Nhf6 16. h3 Bh5 17. Nd2 Nb6 18. Ndc4 Nxc4 19. Nxc4 Qc7 20. Nxd6 Qxd6 21. Be3 Kg8 22. Qxc5 Qd8 23. Bd4 Bg6 24. Qxa7 h5 25. Bxf6 gxf6 26. Re8+ 1-0

[Event "Arco op 41st"]
[Site "Arco"]
[Date "2019.10.10"]
[Round "7"]
[White "Voltolini, Giuseppe"]
[Black "Qendro, Llambi"]
[Result "0-1"]
[WhiteElo "2115"]
[BlackElo "2312"]
[PlyCount "66"]
[EventDate "2019.10.04"]
[EventType "swiss"]
[EventRounds "9"]
[EventCountry "ITA"]
[SourceTitle "EXT 2020"]
[Source "ChessBase"]
[SourceDate "2019.10.17"]
[SourceVersion "1"]
[SourceVersionDate "2019.10.17"]
[SourceQuality "1"]

1. d4 g6 2. c4 Bg7 3. Nf3 d6 4. g3 Nf6 5. Bg2 0-0 6. Nc3 Nbd7 7. 0-0 e5 8. e4 exd4 9. Nxd4 Nc5 10. h3 Re8 11. Re1 a5 12. Qc2 Nfd7 13. Be3 Ne5 14. b3 Ned3 15. Red1 Nb4 16. Qe2 Bd7 17. Rac1 Qc8 18. Kh2 a4 19. Rb1 axb3 20. axb3 h5 21. Nd5 Nxd5 22. exd5 Ne4 23. Qc2 Bf5 24. Nxf5 Qxf5 25. Bxe4 Rxe4 26. Re1 h4 27. g4 Qf3 28. Qe2 Be5+ 29. Kg1 Qxh3 30. f3 Rxe3 31. Qxe3 Ra2 32. Re2 Rxe2 33. Qxe2 Bd4+ 0-1

[Event "Arco op 41st"]
[Site "Arco"]
[Date "2019.10.08"]
[Round "5"]
[White "Klings, Peter"]
[Black "Qendro, Llambi"]
[Result "1-0"]
[WhiteElo "2121"]
[BlackElo "2312"]
[PlyCount "61"]
[EventDate "2019.10.04"]
[EventType "swiss"]
[EventRounds "9"]
[EventCountry "ITA"]
[SourceTitle "EXT 2020"]
[Source "ChessBase"]
[SourceDate "2019.10.17"]
[SourceVersion "1"]
[SourceVersionDate "2019.10.17"]
[SourceQuality "1"]

1. Nf3 g6 2. c4 Bg7 3. d4 d6 4. Nc3 Bg4 5. e3 Nc6 6. Be2 e5 7. d5 Nce7 8. e4 Nf6 9. h3 Bxf3 10. Bxf3 h5 11. g4 hxg4 12. hxg4 Rxh1+ 13. Bxh1 Qd7 14. Bf3 Nfg8 15. Bg2 f6 16. g5 fxg5 17. Bxg5 0-0-0 18. Qf3 Rf8 19. Qe3 Kb8 20. Bh3 Qd8 21. Nb5 b6 22. Qa3 a5 23. b4 Kb7 24. bxa5 Qa8 25. a6+ Kb8 26. Rb1 Rd8 27. Be3 Nc8 28. a7+ Kb7 29. Bxc8+ Rxc8 30. Nxd6+ cxd6 31. Rxb6+ 1-0

[Event "Arco op 41st"]
[Site "Arco"]
[Date "2019.10.04"]
[Round "1"]
[White "Prelati, Maurizio"]
[Black "Qendro, Llambi"]
[Result "1/2-1/2"]
[WhiteElo "1884"]
[BlackElo "2312"]
[PlyCount "58"]
[EventDate "2019.10.04"]
[EventType "swiss"]
[EventRounds "9"]
[EventCountry "ITA"]
[SourceTitle "EXT 2020"]
[Source "ChessBase"]
[SourceDate "2019.10.17"]
[SourceVersion "1"]
[SourceVersionDate "2019.10.17"]
[SourceQuality "1"]

1. e4 g6 2. d4 Bg7 3. f4 c6 4. Nf3 d5 5. e5 Nh6 6. Be2 0-0 7. c3 Bg4 8. Na3 e6 9. 0-0 Nf5 10. Nc2 Nd7 11. b3 Qb6 12. Ne3 Bxf3 13. Rxf3 Nxe3 14. Bxe3 f6 15. Qd2 Rf7 16. Raf1 Raf8 17. g3 Qc7 18. Kg2 Bh6 19. c4 fxe5 20. fxe5 Rxf3 21. Rxf3 Rxf3 22. Bxf3 Bxe3 23. Qxe3 Qa5 24. Qf2 Qd8 25. cxd5 cxd5 26. Bg4 Nf8 27. Qd2 Qe7 28. h4 Kg7 29. Qf2 Qd8 1/2-1/2

[Event "Bad Wiessee Senioren Cup 8th"]
[Site "Bad Wiessee"]
[Date "2019.05.17"]
[Round "7"]
[White "Qendro, Llambi"]
[Black "Hofene, Dieter"]
[Result "1-0"]
[WhiteElo "2318"]
[BlackElo "2049"]
[PlyCount "61"]
[EventDate "2019.05.11"]
[EventType "swiss"]
[EventRounds "9"]
[EventCountry "GER"]
[SourceTitle "EXT 2020"]
[Source "ChessBase"]
[SourceDate "2019.10.17"]
[SourceVersion "1"]
[SourceVersionDate "2019.10.17"]
[SourceQuality "1"]

1. d4 Nf6 2. c4 e6 3. Nf3 Bb4+ 4. Bd2 Qe7 5. g3 Nc6 6. Bg2 Bxd2+ 7. Nbxd2 0-0 8. 0-0 d6 9. e4 e5 10. d5 Nb8 11. Ne1 a5 12. Nd3 Na6 13. Qc2 Bd7 14. Rae1 b5 15. f4 Nb4 16. Nxb4 axb4 17. fxe5 dxe5 18. c5 Rxa2 19. Nb3 Ng4 20. Qd2 Rfa8 21. h3 R8a3 22. d6 cxd6 23. Nc1 d5 24. hxg4 Qxc5+ 25. Qf2 Qxf2+ 26. Rxf2 Rxg3 27. Nxa2 b3 28. Nc3 d4 29. Nd5 Bxg4 30. Ra1 f5 31. Ne7+ 1-0

[Event "Bad Woerishofen op 34th"]
[Site "Bad Woerishofen"]
[Date "2018.02.23"]
[Round "1"]
[White "Neumueller, Theo"]
[Black "Qendro, Llambi"]
[Result "0-1"]
[WhiteElo "2026"]
[BlackElo "2342"]
[PlyCount "66"]
[EventDate "2018.02.23"]
[EventType "swiss"]
[EventRounds "9"]
[EventCountry "GER"]
[SourceTitle "CBM 183 Extra"]
[Source "ChessBase"]
[SourceDate "2018.04.19"]
[SourceVersion "1"]
[SourceVersionDate "2018.04.19"]
[SourceQuality "1"]

1. e4 g6 2. d4 Bg7 3. Nc3 c6 4. f4 d5 5. e5 Nh6 6. Nf3 0-0 7. Be2 f6 8. 0-0 Bg4 9. Be3 Nf5 10. Bf2 Nd7 11. h3 Bxf3 12. Bxf3 fxe5 13. fxe5 e6 14. Ne2 Bh6 15. Qd3 Qc7 16. a4 c5 17. c3 Rac8 18. Bg4 Nb6 19. Bxf5 Rxf5 20. Ng3 Rff8 21. Be3 Bxe3+ 22. Qxe3 Nc4 23. Qe2 cxd4 24. Rxf8+ Rxf8 25. b3 d3 26. Qe1 d2 27. Qe2 Na5 28. Qb5 Nc6 29. Rd1 Nxe5 30. Kh2 Rf2 31. Kg1 Qf7 32. Nf1 a6 33. Qc5 Rxf1+ 0-1

[Event "Bratto op 37th"]
[Site "Bratto"]
[Date "2017.08.23"]
[Round "5"]
[White "Qendro, Llambi"]
[Black "Barseghyan, Harutyun"]
[Result "1/2-1/2"]
[WhiteElo "2329"]
[BlackElo "2455"]
[PlyCount "107"]
[EventDate "2017.08.19"]
[EventType "swiss"]
[EventRounds "9"]
[EventCountry "ITA"]
[SourceTitle "CBM 180 Extra"]
[Source "ChessBase"]
[SourceDate "2017.10.06"]
[SourceVersion "1"]
[SourceVersionDate "2017.10.06"]
[SourceQuality "1"]

1. d4 c5 2. d5 e5 3. e4 d6 4. c4 Be7 5. Nf3 Bg4 6. Nc3 a6 7. g3 Nd7 8. h3 Bxf3 9. Qxf3 Bg5 10. Bxg5 Qxg5 11. h4 Qe7 12. Bh3 Ngf6 13. Qe2 0-0 14. 0-0 Ne8 15. h5 Nc7 16. a4 Rab8 17. Rab1 Rfd8 18. Kg2 Qg5 19. Bxd7 Rxd7 20. b4 cxb4 21. Rxb4 Ne8 22. Rh1 Rc8 23. a5 Qd8 24. Na4 Qxa5 25. Rhb1 Rb8 26. Qe3 b5 27. Nc3 Rdb7 28. h6 g6 29. Qf3 Kf8 30. Qe3 Qb6 31. cxb5 Qxe3 32. fxe3 axb5 33. Rxb5 Rxb5 34. Rxb5 Rxb5 35. Nxb5 Ke7 36. Kf3 f5 37. exf5 gxf5 38. g4 Kf6 39. gxf5 Kxf5 40. e4+ Kg5 41. Na7 Kxh6 42. Kg4 Kg6 43. Nc8 Nf6+ 44. Kf3 Ne8 45. Kg4 h5+ 46. Kh4 Kh6 47. Ne7 Ng7 48. Nc8 Ne8 49. Ne7 Ng7 50. Nc8 Ne8 51. Ne7 Ng7 52. Nc8 Ne8 53. Ne7 Ng7 54. Nc8 1/2-1/2

[Event "Forni di Sopra op 8th"]
[Site "Forni di Sopra"]
[Date "2017.06.17"]
[Round "9"]
[White "Bruno, Fabio"]
[Black "Qendro, Llambi"]
[Result "1-0"]
[WhiteElo "2427"]
[BlackElo "2328"]
[PlyCount "126"]
[EventDate "2017.06.10"]
[EventType "swiss"]
[EventRounds "9"]
[EventCountry "ITA"]
[SourceTitle "CBM 179 Extra"]
[Source "ChessBase"]
[SourceDate "2017.08.23"]
[SourceVersion "1"]
[SourceVersionDate "2017.08.23"]
[SourceQuality "1"]

1. Nf3 g6 2. d4 Bg7 3. c4 d6 4. g3 Nf6 5. Bg2 0-0 6. Nc3 Nbd7 7. b3 e5 8. 0-0 exd4 9. Nxd4 Re8 10. Bb2 Nc5 11. Qc2 a5 12. Rad1 Bd7 13. Rfe1 Qc8 14. Nd5 Nxd5 15. cxd5 b5 16. e4 Qb7 17. Bc1 Re7 18. Bg5 f6 19. Be3 Rae8 20. Rc1 Nxe4 21. Qxc7 Qxd5 22. Qxa5 f5 23. Red1 Qa8 24. Qb4 Bxd4 25. Bxd4 Bc6 26. Bb2 Qa7 27. Bxe4 Bxe4 28. Qxd6 Re6 29. Qb4 h5 30. Qxb5 Qxa2 31. Bc3 Bc6 32. Qc4 Qe2 33. Qd4 Re5 34. Qc4+ Qxc4 35. bxc4 R5e6 36. Ra1 Bf3 37. Rdc1 Ra8 38. Rxa8+ Bxa8 39. c5 Bf3 40. Bd2 Bc6 41. Be3 Kf7 42. h4 Bf3 43. Kf1 Ra6 44. Ke1 Ke6 45. Kd2 Kd5 46. Kc3 Ra3+ 47. Kb4 Ra6 48. Rc2 Kc6 49. Kc3 Kd5 50. Rd2+ Ke6 51. Rd8 Rc6 52. Kb4 Ra6 53. Rd2 Rc6 54. Kb5 Ke7 55. Bg5+ Ke6 56. Bf4 Ke7 57. Bd6+ Kd7 58. Ra2 Ke6 59. Ra3 Bg2 60. Re3+ Kd5 61. Re5+ Kd4 62. Re6 f4 63. Be5+ Ke4 1-0

[Event "Forni di Sopra op 8th"]
[Site "Forni di Sopra"]
[Date "2017.06.16"]
[Round "8"]
[White "Qendro, Llambi"]
[Black "Korneev, Oleg"]
[Result "1/2-1/2"]
[WhiteElo "2328"]
[BlackElo "2569"]
[PlyCount "158"]
[EventDate "2017.06.10"]
[EventType "swiss"]
[EventRounds "9"]
[EventCountry "ITA"]
[SourceTitle "CBM 179 Extra"]
[Source "ChessBase"]
[SourceDate "2017.08.23"]
[SourceVersion "1"]
[SourceVersionDate "2017.08.23"]
[SourceQuality "1"]

1. d4 Nf6 2. c4 e6 3. Nf3 d5 4. cxd5 exd5 5. Nc3 c6 6. Bg5 Be7 7. e3 Bf5 8. Bd3 Bxd3 9. Qxd3 Nbd7 10. 0-0 0-0 11. Rab1 a5 12. Qc2 Ne8 13. Bxe7 Qxe7 14. Na4 Nd6 15. Nc5 Nxc5 16. Qxc5 f6 17. Rbe1 Rfe8 18. Nd2 a4 19. Qc2 a3 20. b3 Nb5 21. h3 Qf7 22. Nb1 Qg6 23. Qxg6 hxg6 24. Rc1 g5 25. Nc3 Nd6 26. g4 Kf7 27. Kg2 g6 28. Rh1 Rh8 29. Rce1 f5 30. Kg3 Rae8 31. f3 Re7 32. Re2 Rhe8 33. Rhe1 Kf6 34. Kg2 Nb5 35. Nxb5 cxb5 36. Kf2 Rc8 37. e4 dxe4 38. fxe4 Rc3 39. exf5 Rxe2+ 40. Rxe2 gxf5 41. gxf5 Kxf5 42. Re7 Rxh3 43. Rxb7 Ke4 44. Rxb5 Rh2+ 45. Kg3 Rxa2 46. d5 Ra1 47. Ra5 Ke5 48. Kg2 g4 49. Kf2 Kf4 50. Ra4+ Ke5 51. Ra5 Kd6 52. Kg2 Kc7 53. Kh2 Kd6 54. Kg2 Ke5 55. Kf2 a2 56. Kg2 g3 57. b4 Kd6 58. b5 Kxd5 59. b6+ Kc6 60. b7 Kxb7 61. Ra3 Kb6 62. Ra8 Kc5 63. Rc8+ Kb6 64. Ra8 Kb5 65. Rb8+ Kc4 66. Rc8+ Kb3 67. Rb8+ Kc3 68. Rc8+ Kd4 69. Rd8+ Ke5 70. Re8+ Kd5 71. Ra8 Kc6 72. Ra3 Kb5 73. Ra8 Kb6 74. Ra3 Kb7 75. Ra4 Kb6 76. Ra3 Kb5 77. Ra8 Kc4 78. Rc8+ Kb3 79. Rb8+ Kc3 1/2-1/2

[Event "Lugano op 20th"]
[Site "Lugano"]
[Date "2015.11.07"]
[Round "2"]
[White "Izquierdo, Daniel"]
[Black "Qendro, Llambi"]
[Result "1/2-1/2"]
[WhiteElo "2161"]
[BlackElo "2343"]
[PlyCount "101"]
[EventDate "2015.11.06"]
[EventType "swiss"]
[EventRounds "5"]
[EventCountry "SUI"]
[SourceTitle "CBM 169 Extra"]
[Source "ChessBase"]
[SourceDate "2015.12.18"]
[SourceVersion "1"]
[SourceVersionDate "2015.12.18"]
[SourceQuality "1"]

1. d4 g6 2. Nf3 Bg7 3. c4 d6 4. Nc3 Nf6 5. e4 0-0 6. Be2 e5 7. d5 a5 8. Bg5 h6 9. Bh4 Na6 10. Nd2 Qe8 11. 0-0 Nh7 12. a3 Bd7 13. b3 h5 14. f3 Bh6 15. Qc2 Nc5 16. Rab1 Be3+ 17. Kh1 g5 18. Bf2 Bxf2 19. Rxf2 f5 20. b4 axb4 21. axb4 Na4 22. Nb5 Bxb5 23. cxb5 fxe4 24. Nxe4 Qe7 25. Bd3 h4 26. Nd2 Nb6 27. Be4 Nf6 28. Nf1 Nfxd5 29. Qd2 Nf4 30. Bxb7 Ra3 31. Qb2 Rd3 32. Rd2 Rxd2 33. Qxd2 g4 34. Ne3 Qh7 35. Rd1 gxf3 36. Bxf3 Kh8 37. Nd5 Nbxd5 38. Bxd5 Nxd5 39. Qxd5 Qf7 40. Qd3 Qf5 41. Qe2 h3 42. gxh3 Qxh3 43. Qg2 Qxg2+ 44. Kxg2 Rb8 45. Rc1 Rxb5 46. Rxc7 Rxb4 47. Rd7 Rd4 48. h4 e4 49. h5 d5 50. Kf2 Rd3 51. Ke2 1/2-1/2

[Event "Bratto op 34th"]
[Site "Bratto"]
[Date "2014.08.29"]
[Round "8"]
[White "Bresciani, Nicola"]
[Black "Qendro, Llambi"]
[Result "1/2-1/2"]
[WhiteElo "2226"]
[BlackElo "2330"]
[PlyCount "52"]
[EventDate "2014.08.22"]
[EventType "swiss"]
[EventRounds "9"]
[EventCountry "ITA"]
[SourceTitle "EXT 2016"]
[Source "ChessBase"]
[SourceDate "2015.10.08"]
[SourceVersion "1"]
[SourceVersionDate "2015.10.08"]
[SourceQuality "1"]

1. e4 g6 2. d4 Bg7 3. Nf3 d6 4. Nc3 Nf6 5. h3 0-0 6. Be3 c6 7. a4 a5 8. Qd2 Na6 9. Bxa6 Rxa6 10. Bh6 e5 11. Bxg7 Kxg7 12. 0-0-0 Qe7 13. dxe5 dxe5 14. Qd6 Re8 15. Qxe7 Rxe7 16. Rd8 Bd7 17. Rd1 Be8 18. R1d6 Ra7 19. Rb8 b5 20. axb5 cxb5 21. Nxb5 Bxb5 22. Rxb5 Nxe4 23. Rdd5 f6 24. Rxa5 Rxa5 25. Rxa5 Nxf2 26. Kd2 Ne4+ 1/2-1/2

[Event "Bratto op 34th"]
[Site "Bratto"]
[Date "2014.08.28"]
[Round "7"]
[White "Ulybin, Mikhail"]
[Black "Qendro, Llambi"]
[Result "1-0"]
[WhiteElo "2501"]
[BlackElo "2330"]
[PlyCount "61"]
[EventDate "2014.08.22"]
[EventType "swiss"]
[EventRounds "9"]
[EventCountry "ITA"]
[SourceTitle "EXT 2016"]
[Source "ChessBase"]
[SourceDate "2015.10.08"]
[SourceVersion "1"]
[SourceVersionDate "2015.10.08"]
[SourceQuality "1"]

1. e4 g6 2. d4 Bg7 3. Nc3 c6 4. Bc4 d6 5. Bb3 Nf6 6. Nf3 0-0 7. h3 Qc7 8. e5 dxe5 9. dxe5 Rd8 10. Qe2 Nd5 11. 0-0 Na6 12. Nxd5 cxd5 13. Bf4 Nc5 14. Rad1 Be6 15. Nd4 a5 16. c3 a4 17. Bc2 Bd7 18. a3 Qb6 19. Bc1 Ne6 20. Rfe1 Nxd4 21. Rxd4 e6 22. Rb4 Qc7 23. Bg5 Re8 24. Qe3 Ra5 25. Bf6 h5 26. Rh4 Qc5 27. Qg5 Qf8 28. Rxh5 d4 29. Bxg6 fxg6 30. Qxg6 Rxe5 31. Bxe5 1-0

[Event "Bratto op 34th"]
[Site "Bratto"]
[Date "2014.08.22"]
[Round "1"]
[White "Qendro, Llambi"]
[Black "Razzano, Lorenzo"]
[Result "1-0"]
[WhiteElo "2330"]
[BlackElo "1990"]
[PlyCount "75"]
[EventDate "2014.08.22"]
[EventType "swiss"]
[EventRounds "9"]
[EventCountry "ITA"]
[SourceTitle "EXT 2016"]
[Source "ChessBase"]
[SourceDate "2015.10.08"]
[SourceVersion "1"]
[SourceVersionDate "2015.10.08"]
[SourceQuality "1"]

1. d4 Nf6 2. c4 Nc6 3. Nf3 e6 4. g3 Bb4+ 5. Bd2 Qe7 6. Bg2 a5 7. 0-0 Bxd2 8. Qxd2 d6 9. Nc3 0-0 10. e4 e5 11. d5 Nb4 12. Ne1 c6 13. Nd3 Nxd3 14. Qxd3 cxd5 15. Nxd5 Nxd5 16. cxd5 f5 17. Rac1 fxe4 18. Bxe4 Bh3 19. Rfe1 Qf6 20. Bxh7+ Kh8 21. Rc2 Rac8 22. Be4 Rc5 23. Qe2 Rxc2 24. Qh5+ Qh6 25. Qxh6+ gxh6 26. Bxc2 Rc8 27. Be4 Rc4 28. f3 Rd4 29. Re2 Kg7 30. Kf2 Kf6 31. Rc2 Bf5 32. Ke3 Rb4 33. b3 a4 34. Rc4 Rxc4 35. bxc4 Bd7 36. Kd3 b5 37. Kc3 bxc4 38. Kxc4 1-0